| 000 | 00471nam a2200193Ia 4500 | ||
|---|---|---|---|
| 005 | 20250423095220.0 | ||
| 008 | 250422s9999 xx 000 0 und d | ||
| 020 | _a9789780728816 | ||
| 050 | _aT 353 .P37/ | ||
| 100 | _aParker, M. A. | ||
| 245 | 0 | _aEngineering drawing; with worked examples 1 | |
| 250 | _a3rd ed. | ||
| 260 | _aIbadan | ||
| 260 | _bRombic Concepts Ltd. | ||
| 260 | _c2013 | ||
| 300 | _a226 p | ||
| 650 | _a Mechanical drawing. | ||
| 942 | _cBK | ||
| 999 |
_c29598 _d29598 |
||